00501nam a2200193 a 4500001001300000003000900013005001700022008004100039020001000080082001600090100002100106245005400127260003600181300000800217500003500225505001400260650001200274700002100286nice12345678IN_TiNIC20260116011517.0050524s1936 amra grp 000 0 eng  ac10000a294.6bSIN3 aSingh, Brijindra aShri Guru Arjuna Devb the Poet and the Organizer aAmritsarbBazar Mai Sewanc1936 a52p aincludes index and biblioraphy2 areference aSikhism1 aSingh, Brijindra